| 000 | 00428 a2200157 4500 | ||
|---|---|---|---|
| 001 | 159536 | ||
| 020 | _a | ||
| 040 | _cMagnum | ||
| 100 | _aSilva, Eduardo Roberto da | ||
| 240 | 1 | 0 |
_aO universo da ciencia / alcool e gasolina - combustiveis do brasil _lpor |
| 245 | 1 | 0 | _aO universo da ciencia / alcool e gasolina - combustiveis do brasil |
| 362 | 0 | _a1899 | |
| 440 | 1 | _aScipione | |
| 697 | _aMAGNITO: COLECAO | ||
| 942 | _cBK | ||
| 999 |
_c159536 _d159536 |
||